|
|
|
|
| LEADER |
02121nem a22004692a 4500 |
| 001 |
mzk03001060502 |
| 003 |
CZ BrMZK |
| 005 |
20110913082533.0 |
| 007 |
aj|aa||| |
| 008 |
080226q16831700gw i||||||a|||r|0|||gerod |
| 034 |
1 |
|
|a a
|b 880000
|d E0072854
|e E0122417
|f N0492928
|g N0470036
|
| 040 |
|
|
|a BOA001
|b cze
|
| 043 |
|
|
|a e-gx---
|a e-sz---
|
| 072 |
|
7 |
|a 912:904
|x Staré mapy
|2 Konspekt
|9 7
|
| 080 |
|
|
|a (084.3)
|2 MRF
|
| 080 |
|
|
|a (430.127)
|2 MRF
|
| 080 |
|
|
|a (430.129)
|2 MRF
|
| 080 |
|
|
|a (494)
|2 MRF
|
| 080 |
|
|
|a 912.43:069.5
|2 MRF
|
| 100 |
1 |
|
|a Sandrart, Jakob von,
|d 1630-1708
|7 mzk2008433844
|4 aut
|
| 245 |
1 |
0 |
|a Suevia Neue Land-Tafel des Gantzen Schwäbischen Krayses
|h [kartografický dokument] /
|c Jacob Sandrart sculp: et Excudit
|
| 255 |
|
|
|a Měřítko [ca 1:880 000]. 4,8 cm = 8 Miliaria Germanica communia ; 4,2 cm = 10 Miliaria Gallica communia
|c (007°28´54" v.d.--012°24´17" v.d./049°29´28" s.š.--047°00´36" s.š.)
|
| 260 |
|
|
|a [Norimbergae :
|b Jacob Sandrart sculp: et Excudit ,
|c mezi 1683 a 1700]
|
| 300 |
|
|
|a 1 mapa :
|b mědirytina, podlepená papírem ;
|c 28 x 37 cm na listu 37 x 47 cm
|
| 500 |
|
|
|a Podlepeno papírem o velikosti 53 x 62 cm
|
| 500 |
|
|
|a Výzdoba: V pravém dolním rohu kartuše s názvem a s grafickými měřítky, alegorická mědirytina hojnosti, v mapovém rámci geografické souřadnice
|
| 510 |
4 |
|
|a Kuchař, K. Mapová sbírka B.P. Molla,
|c s. 434
|
| 655 |
|
7 |
|a historické mapy
|7 fd186723
|2 czenas
|
| 650 |
0 |
4 |
|a Mollova mapová sbírka
|
| 650 |
0 |
7 |
|a mapové sbírky
|z Česko
|7 ph182407
|2 czenas
|
| 610 |
2 |
7 |
|a Moravská zemská knihovna (Brno, Česko).
|b Mapová sbírka B.P. Molla
|7 mzk2005304487
|2 czenas
|
| 651 |
|
7 |
|a Švábsko (Německo)
|7 ge131573
|2 czenas
|
| 651 |
|
7 |
|a Bádensko-Württembersko (Německo)
|7 ge128877
|2 czenas
|
| 651 |
|
7 |
|a Švýcarsko
|7 ge131576
|2 czenas
|
| 856 |
4 |
1 |
|u http://mapy.mzk.cz/mzk03/001/060/502/2619268379
|y Digitalizovaný dokument
|
| 903 |
|
|
|a RP
|
| 910 |
|
|
|a BOA001
|b Moll-0005.562
|
| 978 |
|
|
|b Sandrart, Jacob von
|a Nürnberg
|c 1683-1700
|
| 984 |
|
|
|a Norimberk
|b Německo
|
| 985 |
|
|
|a 1651-1700
|
| 990 |
|
|
|a MP
|
| 991 |
|
|
|k mzk
|